[Event "San Francisco TNM Max Wilkerson op"]
[Site "San Francisco"]
[Date "2009.09.15"]
[Round "7"]
[White "Montoya, Daniel"]
[Black "Hack, Richard"]
[Result "1/2-1/2"]
[WhiteElo "1082"]
[BlackElo "1708"]
[PlyCount "62"]
[EventDate "2009.08.03"]
[EventType "swiss"]
[EventRounds "9"]
[EventCountry "USA"]
[SourceTitle "EXT 2012"]
[Source "ChessBase"]
[SourceDate "2011.11.24"]
[SourceVersion "1"]
[SourceVersionDate "2011.11.24"]
[SourceQuality "1"]

1. e4 e5 2. Nf3 Nc6 3. d4 exd4 4. Nxd4 Qh4 5. Nc3 Bc5 6. Be3 Nf6 7. Nf5 Qg4 8. Qxg4 Nxg4 9. Bxc5 d6 10. h3 Nge5 11. Be3 0-0 12. Bd3 Be6 13. Nd4 Nxd4 14. Bxd4 Nc6 15. Be3 a6 16. 0-0 Rfe8 17. f4 Bd7 18. Rae1 b5 19. Nd5 Rac8 20. Bd2 Nd8 21. Bc3 c6 22. Nb6 Rc7 23. Nxd7 Rxd7 24. e5 d5 25. Bf5 Rc7 26. Bg4 c5 27. Bh5 Rce7 28. Bf3 Nb7 29. Bd2 d4 30. Bxb7 Rxb7 31. f5 Rbe7 1/2-1/2

[Event "San Francisco TNM Max Wilkerson op"]
[Site "San Francisco"]
[Date "2009.09.08"]
[Round "6"]
[White "Montoya, Daniel"]
[Black "Argishti, Dante"]
[Result "0-1"]
[WhiteElo "1082"]
[BlackElo "2046"]
[PlyCount "34"]
[EventDate "2009.08.03"]
[EventType "swiss"]
[EventRounds "9"]
[EventCountry "USA"]
[SourceTitle "EXT 2012"]
[Source "ChessBase"]
[SourceDate "2011.11.24"]
[SourceVersion "1"]
[SourceVersionDate "2011.11.24"]
[SourceQuality "1"]

1. e4 c5 2. Nf3 d6 3. d4 cxd4 4. c3 dxc3 5. Nxc3 Nf6 6. Bc4 Nc6 7. e5 Ng4 8. Bf4 Bf5 9. h3 Ngxe5 10. Nxe5 dxe5 11. Qxd8+ Rxd8 12. Be3 e6 13. Nb5 Bb4+ 14. Kf1 Na5 15. Be2 a6 16. Nc7+ Kd7 17. Bb6 Kc6 0-1